000 00524nam a2200169 a 4500
001 000034380
005 20200930073653.0
008 111004s1989 ag 000 0 spa d
040 _aDO-SdBNP
_bspa
_cBNPHU
100 1 _aSpock, Benjamin,
_d1903-1998
_959798
245 1 0 _aTu hijo /
_cBenjamin Spock, Michael B. Rothenberg ; traducción Floreal Mazía.
260 _aBuenos Aires :
_bJavier Vergara,
_c1989.
300 _a590 p. ;
_c24 cm.
490 1 _aPara vivir mejor
830 0 _aPara vivir mejor
_950731
049 _aBNPD
999 _c33871
_d33871